000 00766 a2200193 4500
003 NUST
005 20221215132826.0
040 _cNust
082 _a324,DAR
100 _aDarvall, Frank
_9104962
245 _aThe american political scene /
_cFrank Darvall
250 _a1st ed
260 _aThomas Nelson and Sons Ltd
_bNew York
_c1939
300 _aviii, 239 p.:
_billus
_c18 cm
505 _aWhat is America (Page-9),The American Political Systems (Page-35),The Federal Government (Page-52), American Political Parties (Page-77), Prosperity America 1921-29 (Page-97), The Great Depression 1929-33 (Page-137), The New Deal 1933-38 (Page-229).
600 _aDarvall, Frank
_9104962
650 _aThe american political scene
_9104963
942 _2ddc
_cBK
_k324,DAR
999 _c184217
_d184217